Movies Quiz

Random Movies Quiz

Studio Ghibli Films by Initials Quiz Stats

 Plays Quiz not verified by Sporcle

Challenge
Share
Tweet
Embed
Score 0/19 Timer 10:00
0 Plays Today
Initials Film Title % Correct
C I T SCastle in the Sky
81.3%
S ASpirited Away
81.1%
P RPorco Rosso
80%
PPonyo
79.5%
K D SKiki's Delivery Service
79.3%
P MPrincess Mononoke
75.8%
N O T V O T WNausicaa of the Valley of the Wind
74.7%
H M CHowl's Moving Castle
74.4%
G O T FGrave of the Fireflies
74.2%
O YOnly Yesterday
69.2%
Initials Film Title % Correct
T C RThe Cat Returns
61.2%
M N TMy Neighbour Totoro
58.6%
W O T HWhisper Of The Heart
58.1%
T F ETales from Earth Sea
41.6%
T BThe Borrowers
13.7%
M A T K BMei and the Kitten Bus
7.3%
O Y MOn Your Mark
6.8%
T R WThe Raccoon War
3.1%
P R: T L SPorco Rosso: The Last Stand
1.1%

You're not logged in!

Compare scores with friends on all Sporcle quizzes.
Join for Free
OR
Log In

Show Comments

Extras

Top Quizzes Today


Score Distribution

Your Account Isn't Verified!

In order to create a playlist on Sporcle, you need to verify the email address you used during registration. Go to your Sporcle Settings to finish the process.

Report this User

Report this user for behavior that violates our Community Guidelines.

Details: